000 00686nam a2200241Ia 4500
003 OSt
005 20221005132733.0
006 a|||||r|||| 00| 0
007 ta
008 221004b |||||||| |||| 00| 0 urd d
020 _c300
024 _a3618
037 _b2208, 13/03/2009, Educational Publishing House
_cTextual
040 _aCRL
_cCRL
_burd
041 _2urd
_aurd
082 _aO168,2x, P4
100 _aSayed Mughzuudin Farooqi
_9641548
245 0 _aUrdu stage
260 _c2004
650 _aURDU LITERATURE
942 _hO168,2x, P4
_cTEXL
_2cc
999 _c1064634
_d1064634